Thi công móng trụ mố cầu
שמור ב:
| מחבר ראשי: | |
|---|---|
| פורמט: | ספר |
| שפה: | Undetermined |
| יצא לאור: |
Hà Nội
Xây dựng
1997
|
| נושאים: | |
| תגים: |
הוספת תג
אין תגיות, היה/י הראשונ/ה לתייג את הרשומה!
|
| Thư viện lưu trữ: | Trung tâm Học liệu Trường Đại học Cần Thơ |
|---|
| LEADER | 00534nam a2200169Ia 4500 | ||
|---|---|---|---|
| 001 | CTU_21641 | ||
| 008 | 210402s9999 xx 000 0 und d | ||
| 082 | |a 624.25 | ||
| 082 | |b Th300 | ||
| 100 | |a Nguyễn Trâm | ||
| 245 | 0 | |a Thi công móng trụ mố cầu | |
| 245 | 0 | |c Nguyễn Trâm, Lê Đình Tâm, Nguyễn Tiến Oanh, Phan Huy Hòa | |
| 260 | |a Hà Nội | ||
| 260 | |b Xây dựng | ||
| 260 | |c 1997 | ||
| 650 | |a bridges - construction | ||
| 980 | |a Trung tâm Học liệu Trường Đại học Cần Thơ | ||